000 00343 a2200157 4500
001 58601
020 _a8508064136
040 _cAnchieta - Pituba
100 _aQueirós, Eça de
240 1 0 _aA cidade e as serras
_lpor
245 1 0 _aA cidade e as serras
300 _a191
362 0 _a1997
650 4 _aFicção portuguesa
942 _cBK
999 _c58601
_d58601